000
00308nam a2200109Ia 4500
008
171204s9999 xx 000 0 und d
245
_a
DB2 11 for Z/Os Technical Overview:
245
_c
IBM Redbooks
260
_c
2013
650
_x
Database Management
856
_u
http://down.ebook777.com/057/0738439053.pdf
999
_c
345891
_d
345891